images (140×140)   Dow University of Health Sciences Library Catalogue

Welcome to Dow University of Health Sciences Library Online Public Access Catalog

Back To Basics: Planning (Record no. 16377)

MARC details
000 -LEADER
fixed length control field 00367nam a2200157Ia 4500
008 - FIXED-LENGTH DATA ELEMENTS--GENERAL INFORMATION
fixed length control field 241014s9999||||xx |||||||||||||| ||und||
020 ## - INTERNATIONAL STANDARD BOOK NUMBER
International Standard Book Number 0816010579
060 ## - NATIONAL LIBRARY OF MEDICINE CALL NUMBER
Classification number HD 30 P 1985
100 ## - MAIN ENTRY--PERSONAL NAME
Personal name Parson, Mary Jean
245 #0 - TITLE STATEMENT
Title Back To Basics: Planning
250 ## - EDITION STATEMENT
Edition statement 1985
260 ## - PUBLICATION, DISTRIBUTION, ETC.
Place of publication, distribution, etc. New York
Name of publisher, distributor, etc. Facts
300 ## - PHYSICAL DESCRIPTION
Extent 159
650 ## - SUBJECT ADDED ENTRY--TOPICAL TERM
Topical term or geographic name entry element Management
942 ## - ADDED ENTRY ELEMENTS (KOHA)
-- IBHM
Koha item type Books

No items available.




©2026, All rights reserved. Dow University of Health Sciences, Karachi, Pakistan.